| 000 | 01999nam a22003137a 4500 | ||
|---|---|---|---|
| 001 | 8919 | ||
| 003 | FISKH | ||
| 005 | 20251031143209.0 | ||
| 008 | 251031b cb ||||| |||| 00| 0 eng d | ||
| 020 | _a9789996301254 | ||
| 040 |
_aFISKH _bkhr _cFISKH _dFISKH |
||
| 050 | _aPZ7 | ||
| 082 | _a398.2 | ||
| 100 | _aSeab, Kol | ||
| 245 |
_aកុមារសប្បុរស : _bGenerous child / _cនិពន្ធដោយ អ្នកស្រី កុល សៀប , កែសម្រួលដោយ អ្នកស្រី គឹមស៊ុន សុធារី |
||
| 260 |
_aភ្នំពេញ : _bReading Books , _c2010. |
||
| 300 |
_a20 pages : _bcolor illustrations ; _c25 cm . |
||
| 490 | _aពិភពរឿងនិទាន | ||
| 505 | _aK | ||
| 520 | _aរឿងនេះមានបំនងអប់រំប្អូនៗកុមារអោយមានអាកប្បកិរិយាល្អ ចេះគោរពអ្នកដទៃ មិនមានចិត្តមើលងាយមើលថោកចំពោះអ្នកដែលទន់ខ្សោយជាងខ្លួន ។ លើសពីនេះទៅទៀត ចង់អោយប្អូនៗចេះចែករំលែកដល់អ្នកក្រីក្រដាច់សង្វែងដោយចិត្តមេត្តាធម៏ ។ | ||
| 520 | _aThis story aims to educate children to have good behavior, to show respect toward others, and not to look down on or underestimate those who are weaker than themselves. Moreover, it encourages children to learn to share with the poor and those in need, guided by kindness and compassion. | ||
| 521 | 8 |
_a510
_bLexile estimate |
|
| 521 | 8 |
_aK
_bRaz-Plus |
|
| 650 |
_aកុមារសប្បុរស _vរឿងនិទានកុមារ |
||
| 650 |
_aGenerous child _vChildren's Stories |
||
| 700 |
_aBunthorn, Theak _eIllustrator |
||
| 942 |
_2ddc _cKHB _n0 |
||
| 999 |
_c8919 _d8919 |
||